000 00864nam a2200217 a 4500
001 000024458
005 20200930023202.0
008 110127s1974 sp a r 001 0 spa d
040 _aDO-SdBNP
_bspa
_cBNPHU
041 1 7 _aspa
_hfre
_2Código de idiomas MARC
082 _ann*
_bnn*
100 1 _aKlinger, Fred.
_950136
240 1 0 _aMais oui, vous comprenez le calcul integral et differentiel!
_lEspañol
245 1 4 _a¿El cálculo integral y diferencial?... :
_b¡pero si es muy fácil! /
_cFred Klinger ; traducción de Luis Ibañez ; prólogo Jean Quinet.
260 _aBarcelona :
_bTécnicas Marcombo,
_c1974.
300 _a262 p. :
_bil. ;
_c21 cm.
534 _aTítulo de la obra original :
_tMais oui, vous comprenez le calcul integral et differentiel!
700 1 _aQuinetm Jean,
_epról.
_950137
700 1 _aIbañez, Luis,
_etr.
_950138
049 _aBNGR
999 _c23951
_d23951